000 00414nam a2200157Ia 4500
008 210716s2012 xx 000 0 und d
020 _a9780198064640
041 _aeng
082 _a425 SOAC
100 _aSoanes, Catherine;Ferguson, Sheila.
245 _aOxford A-Z spelling.
250 _a1
260 _aNew York
_bOxford University Press
_c2012
300 _axiii,140
650 _aDictionaries & Thesaurus
999 _c207266
_d207266